La psychologie économique / (Record no. 127236)

MARC details
000 -LEADER
campo de control de longitud fija 00702nam a2200205 4500
001 - NÚMERO DE CONTROL
campo de control 127236
003 - IDENTIFICADOR DE NÚMERO DE CONTROL
campo de control ES-MaACL
007 - CAMPO FIJO DE DESCRIPCIÓN FÍSICA--INFORMACIÓN GENERAL
campo de control de longitud fija t|
008 - DATOS DE LONGITUD FIJA--INFORMACIÓN GENERAL
campo de control de longitud fija 070214s1954 fr r ||||1| fre d
100 1# - ENTRADA PRINCIPAL--NOMBRE DE PERSONA
Nombre de persona Reynaud, Pierre Louis.
9 (RLIN) 96620
245 13 - MENCIÓN DEL TÍTULO
Título La psychologie économique /
Mención de responsabilidad, etc. par Pierre Louis Reynaud ; observations de George Katona, Albert Lauterbach.
260 ## - PUBLICACIÓN, DISTRIBUCIÓN, ETC.
Lugar de publicación, distribución, etc. Paris :
Nombre del editor, distribuidor, etc. Marcel Rivière,
Fecha de publicación, distribución, etc. 1954.
300 ## - DESCRIPCIÓN FÍSICA
Extensión 260 p. ;
Dimensiones 22 cm.
490 1# - MENCIÓN DE SERIE
Mención de serie Bilans de la connaissance economique ;
Designación de volumen o secuencia 4
700 1# - ENTRADA AGREGADA--NOMBRE PERSONAL
Nombre de persona Katona, George.
9 (RLIN) 67623
700 1# - ENTRADA AGREGADA--NOMBRE PERSONAL
Nombre de persona Lauterbach, Albert.
9 (RLIN) 70662
830 0# - PUNTO DE ACCESO ADICIONAL DE SERIE-TÍTULO UNIFORME
Título uniforme Bilans de la connaissance economique ;
Designación de volumen o secuencia 4
9 (RLIN) 185393
852 ## - LOCALIZACIÓN
Ubicación ES-MaACL
Número de control de estantería C-9124
Sublocalización o colección R.37284
Holdings
Estatus retirado Estado de pérdida Estado de daño No para préstamo Biblioteca de origen Biblioteca actual Ubicación en estantería Fecha de adquisición Fuente de adquisición Total de préstamos Signatura topográfica completa Código de barras Visto por última vez Precio de reemplazo Tipo de ítem Koha
        Biblioteca del Ateneo de Madrid Biblioteca del Ateneo de Madrid Sala Palomar 17/01/2008     C-9124 1132525 23/02/2023 23/02/2023 Libro impreso